000 00316nam a2200133Ia 4500
005 20260328101515.0
008 260328s9999||||xx |||||||||||||| ||und||
100 _aFrampton, Kenneth
245 0 _aJoao Vilanova Artigas /
_cKenneth Frampton
260 _b2G
300 _a145 p.
650 _aARQUITECTOS
942 _cBK
999 _c9336
_d9336